Súčasný stav globálneho ropného priemyslu diplomová práca

Saved in:
Bibliographic Details
Main Author: Májek, Juraj
Corporate Author: Fakulta medzinárodných vzťahov EU. Katedra medzinárodných ekonomických vzťahov a hospodárskej diplomacie
Other Authors: Dudáš, Tomáš, 1976-
Format: Book
Language:Slovak
Published: Bratislava 2011
Tags: Add Tag
No Tags, Be the first to tag this record!

MARC

LEADER 00000nbm a2200000 4500
001 0131002
005 20161109101639.0
041 0 |a slo 
044 |a SK 
245 1 0 |a Súčasný stav globálneho ropného priemyslu  |b diplomová práca  |c Juraj Májek ; školiteľ: Tomáš Dudáš 
264 1 |a Bratislava  |c 2011 
300 |a 62 s. 
100 1 |a Májek, Juraj 
700 1 |a Dudáš, Tomáš, 1976- 
710 2 |a Fakulta medzinárodných vzťahov EU. Katedra medzinárodných ekonomických vzťahov a hospodárskej diplomacie